000 00749nam a22002297a 4500
003 OSt
005 20251030053057.0
008 251030b |||||||| |||| 00| 0 eng d
020 _a978-971-27-3749-7
040 _aDWCL - Main Lib
_cOC
082 _aFil. 899.210308738 2022
100 _aTan, Yvette
245 _aSeek Ye Whore and Other Stories /
_cYvette Tan
260 _aMandaluyong City, Philippines :
_bAnvil Publishing, Inc.,
_cc2022.
300 _axv , 141 pages ;
_c20 cm.
650 _a1. Horror Tales, Philippines (English)
650 _a2. Mythology, Philippines
650 _a3. Nightmare - Fiction
650 _a4. Short Stories, Philippines (English)
650 _a5. Supernatural Fiction
942 _2ddc
_cBK - FIL
_mFil.
_n0
999 _c5330
_d5330